000 003710000a22001570004500
003 MACL
040 _aMACL
090 _c33510
_d33508
100 _aKaeley, S L
245 _aPublic Administration Refresher at a glance
260 _bSudha Publication Ltd
_c2001
350 _a100
650 _aPublic Administration
942 _cBOOK
_k351/KAE
951 _o351/KAE BOOK
999 _c33159
_d33159